00457nam a22001577a 4500010001400000020003000014035001700044035001300061037002100074082000600095100001800101245005800119260003300177270006800210300002100278 a1617CH-EN a9780141360515c599.00 pbk aB-645518-537 aB-666179 aDPLbPragati/ven aS aRiordan, Rick aPercy Jackson and the greek heroes / cby Rick Riodan aGurgaonbPuffin Books c2015 a7th Floor, Infinity Tower C, DLF Cyber City, bGurgaon e122002 a515p.c24cm(pbk)